Europarecht
| Körperschaften: | ; |
|---|---|
| Beteiligte: | ; |
| Medienart: | Druck Buch |
| Sprache: | Deutsch |
| Veröffentlicht: |
Baden-Baden
Nomos
2017
|
| In: | Jahr: 2017 |
| Ausgabe: | 24. Aufllage, Stand: 1. August 2016 |
| Online-Zugang: |
Inhaltstext Inhaltsverzeichnis |
| Bestand in Tübingen: | In Tübingen vorhanden. IFK: G IV 38 |
| Verfügbarkeit prüfen: | HBZ Gateway |
| Subito Bestelldienst: | Jetzt bestellen. |
| Schlagwörter: |
MARC
| LEADER | 00000cam a2200000 c 4500 | ||
|---|---|---|---|
| 001 | 879221402 | ||
| 003 | DE-627 | ||
| 005 | 20251224203808.0 | ||
| 007 | tu | ||
| 008 | 170208s2017 gw ||||| 00| ||ger c | ||
| 020 | |a 9783848733934 |c : Broschur |9 978-3-8487-3393-4 | ||
| 024 | 3 | |a 9783848733934 | |
| 035 | |a (DE-627)879221402 | ||
| 035 | |a (DE-576)475551451 | ||
| 035 | |a (DE-599)GBV879221402 | ||
| 035 | |a (OCoLC)994202512 | ||
| 035 | |a (OCoLC)959560793 | ||
| 040 | |a DE-627 |b ger |c DE-627 |e rda | ||
| 041 | |a ger | ||
| 044 | |c XA-DE-BW | ||
| 082 | 0 | |a 349.240263 |q DE-101 |2 22/ger | |
| 082 | 0 | 4 | |a 340 |q DE-101 |
| 084 | |a PS 2500 |q BVB |2 rvk |0 (DE-625)rvk/139718: | ||
| 084 | |a PS 2460 |q BSZ |2 rvk |0 (DE-625)rvk/139715: | ||
| 084 | |a 86.86 |2 bkl | ||
| 110 | 2 | |a Europäische Union |e Normerlassende Gebietskörperschaft |0 (DE-588)5098525-5 |0 (DE-627)132918269 |0 (DE-576)194702391 |4 enj | |
| 245 | 1 | 0 | |a Europarecht |c Textausgabe mit einer Einführung von Prof. Dr. Roland Bieber ; begründet von Prof. Dr. Hans-Joachim Glaesner |
| 246 | 1 | |i Titelzusatz auf dem Buchcover |a Textausgabe | |
| 250 | |a 24. Aufllage, Stand: 1. August 2016 | ||
| 264 | 1 | |a Baden-Baden |b Nomos |c 2017 | |
| 300 | |a 806 Seiten | ||
| 336 | |a Text |b txt |2 rdacontent | ||
| 337 | |a ohne Hilfsmittel zu benutzen |b n |2 rdamedia | ||
| 338 | |a Band |b nc |2 rdacarrier | ||
| 490 | 0 | |a NomosTexte | |
| 583 | 1 | |a Archivierung/Langzeitarchivierung gewährleistet |f PEBW |x XA-DE-BW |2 pdager |5 DE-31 | |
| 655 | 7 | |a Quelle |0 (DE-588)4135952-5 |0 (DE-627)105661236 |0 (DE-576)209665084 |2 gnd-content | |
| 689 | 0 | 0 | |d b |0 (DE-588)5098525-5 |0 (DE-627)132918269 |0 (DE-576)194702391 |a Europäische Union |2 gnd |
| 689 | 0 | 1 | |d s |0 (DE-588)4048737-4 |0 (DE-627)106189719 |0 (DE-576)20907907X |a Recht |2 gnd |
| 689 | 0 | |5 DE-101 | |
| 700 | 1 | |a Glaesner, Hans-Joachim |d 1923-2006 |e Sonstige Person, Familie und Körperschaft |0 (DE-588)119245027 |0 (DE-627)080047238 |0 (DE-576)211777420 |4 oth | |
| 700 | 1 | |a Bieber, Roland |d 1942- |e VerfasserIn von ergänzendem Text |0 (DE-588)108112853 |0 (DE-627)517879131 |0 (DE-576)160288681 |4 wst | |
| 710 | 2 | |a Nomos Verlagsgesellschaft |e Verlag |0 (DE-588)117513-0 |0 (DE-627)102019150 |0 (DE-576)190606193 |4 pbl | |
| 856 | 4 | 2 | |u http://deposit.dnb.de/cgi-bin/dokserv?id=b3bec036f451426eb49958e5962bfbd2&prov=M&dok_var=1&dok_ext=htm |m X:MVB |q text/html |3 Inhaltstext |7 1 |
| 856 | 4 | 2 | |u http://d-nb.info/1106130634/04 |m B:DE-101 |q application/pdf |3 Inhaltsverzeichnis |7 1 |
| 935 | |i Blocktest | ||
| 936 | r | v | |a PS 2500 |b Europäische Union (CF früher Europäische Gemeinschaften) |k Rechtswissenschaft |k Europarecht; Recht der Europäischen Gemeinschaften bzw. der Europäischen Union und der sonstigen europäischen Organisationen; Europäische Rechtsvereinheitlichung |k Europäisches Gemeinschaftsrecht; Europäisches Unionsrecht |k Gesamtdarstellungen |k Europäische Union (CF früher Europäische Gemeinschaften) |0 (DE-627)1271423065 |0 (DE-625)rvk/139718: |0 (DE-576)201423065 |
| 936 | r | v | |a PS 2460 |b Primäres Recht der Europäischen Gemeinschaften / der Europäischen Union |k Rechtswissenschaft |k Europarecht; Recht der Europäischen Gemeinschaften bzw. der Europäischen Union und der sonstigen europäischen Organisationen; Europäische Rechtsvereinheitlichung |k Europäisches Gemeinschaftsrecht; Europäisches Unionsrecht |k Rechtsquellen (Texte und Kommentare) |k Primäres Recht der Europäischen Gemeinschaften / der Europäischen Union |0 (DE-627)1271251523 |0 (DE-625)rvk/139715: |0 (DE-576)201251523 |
| 936 | b | k | |a 86.86 |j Europarecht: Allgemeines |0 (DE-627)10641335X |
| 951 | |a BO | ||
| ELC | |b 1 | ||
| LOK | |0 000 xxxxxcx a22 zn 4500 | ||
| LOK | |0 001 3236995386 | ||
| LOK | |0 003 DE-627 | ||
| LOK | |0 004 879221402 | ||
| LOK | |0 005 20161123125205 | ||
| LOK | |0 008 161115||||||||||||||||ger||||||| | ||
| LOK | |0 040 |a DE-21-110 |c DE-627 |d DE-21-110 | ||
| LOK | |0 689 |a s |a Europarecht | ||
| LOK | |0 852 |a DE-21-110 | ||
| LOK | |0 852 1 |c G IV 38 |m p |9 00 | ||
| LOK | |0 938 |a 1611 | ||
| LOK | |0 938 |k p | ||
| LOK | |0 939 |a 15-11-16 |b l01 | ||
| ORI | |a SA-MARC-krimdoka001.raw | ||
| SIG | |a IFK: G IV 38 | ||
| TIM | |a 100019931101_100020261231 |b 1993-11-01 - 2026 | ||
